Собрание научных трудов (Запись № 786076)

Подробности
000 -МАРКЕР
контрольное поле 01745nam1a2200373 i 4500
001 - ИДЕНТИФИКАТОР ЗАПИСИ
контрольное поле RU\NLR\bibl\1343490
005 - ИДЕНТИФИКАТОР ВЕРСИИ
контрольное поле 20260405093549.0
010 ## - МЕЖДУНАРОДНЫЙ СТАНДАРТНЫЙ НОМЕР КНИГИ (ISBN)
Номер (ISBN) 5-02-034457-5
035 ## - ДРУГИЕ СИСТЕМНЫЕ НОМЕРА
Идентификатор записи (NLR Aleph) 001328638
100 ## - ДАННЫЕ ОБЩЕЙ ОБРАБОТКИ
Данные общей обработки 20090319g20079999k y0rusy50 ca
101 0# - ЯЗЫК РЕСУРСА
Язык текста, звукозаписи и т.д. русский
102 ## - СТРАНА ПУБЛИКАЦИИ ИЛИ ПРОИЗВОДСТВА
Страна публикации российская федерация
105 ## - ПОЛЕ КОДИРОВАННЫХ ДАННЫХ: ТЕКСТОВЫЕ МАТЕРИАЛЫ, МОНОГРАФИЧЕСКИЕ
Кодированные данные о монографическом текстовом документе ||||z |||||
200 1# - ЗАГЛАВИЕ И СВЕДЕНИЯ ОБ ОТВЕТСТВЕННОСТИ
Основное заглавие Собрание научных трудов
Параллельное заглавие Collection of scientific works
Сведения, относящиеся к заглавию в 12 т.
Первые сведения об ответственности Николай Николаевич Боголюбов
Последующие сведения об ответственности редкол.: А. Д. Суханов - отв. ред. [и др.
-- Рос. акад. наук]
Язык параллельного заглавия английский
210 ## - ПУБЛИКАЦИЯ, РАСПРОСТРАНЕНИЕ И ДР.
Место издания, распространения и т.д. Москва
Имя издателя, распространителя и т. д. Наука
Дата издания, распространения и т.д. 2007
215 ## - ФИЗИЧЕСКАЯ ХАРАКТЕРИСТИКА
Размеры 22
225 1# - СЕРИЯ
Основное заглавие серии Классики науки
Сведения, относящиеся к заглавию редкол.: А. Ф. Андреев (пред.) и др.
300 ## - ОБЩИЕ ПРИМЕЧАНИЯ
Текст примечания Авт. также на англ. яз.: Nikolai Nikolaevich Bogoliubov
327 1# - ПРИМЕЧАНИЯ О СОДЕРЖАНИИ
Текст примечания Квантовая теория
463 #0 - УРОВЕНЬ ФИЗИЧЕСКОЙ ЕДИНИЦЫ
Встроенное поле 0011214529
463 #0 - УРОВЕНЬ ФИЗИЧЕСКОЙ ЕДИНИЦЫ
Встроенное поле 0011292354
463 #0 - УРОВЕНЬ ФИЗИЧЕСКОЙ ЕДИНИЦЫ
Встроенное поле 0011361174
510 1# - ПАРАЛЛЕЛЬНОЕ ЗАГЛАВИЕ
Связь между полями z48790
Параллельное заглавие Collection of scientific works
Язык заглавия русский
606 1# - НАИМЕНОВАНИЕ ТЕМЫ КАК ПРЕДМЕТ
Наименование темы Квантовая теория
Системный номер авторитетной/нормативной записи 2116058
Идентификатор авторитетной/нормативной записи RU\NLR\auth\661278347
686 ## - ИНДЕКСЫ ДРУГИХ КЛАССИФИКАЦИЙ
Индекс В314я44
700 #1 - ИМЯ ЛИЦА - ПЕРВИЧНАЯ ОТВЕТСТВЕННОСТЬ
Код отношения Автор
Графика поля Кириллица
Материалы, к которым относится поле rus
Начальный элемент ввода Боголюбов
Часть имени, кроме начального элемента ввода Н. Н.
Дополнения к именам, кроме дат д-р физ.-мат. наук
Даты 1909-1992
Расширение инициалов личного имени Николай Николаевич
Системный номер авторитетной/нормативной записи 123769
Идентификатор авторитетной/нормативной записи RU\NLR\AUTH\7714091
702 #1 - ИМЯ ЛИЦА - ВТОРИЧНАЯ ОТВЕТСТВЕННОСТЬ
Код отношения Редактор
Материалы, к которым относится поле rus
Графика поля Кириллица
Начальный элемент ввода Суханов
Часть имени, кроме начального элемента ввода А. Д.
Дополнения к именам, кроме дат д-р физ.-мат. наук
Даты 1936-
Расширение инициалов личного имени Александр Дмитриевич
Идентификатор авторитетной/нормативной записи RU\NLR\auth\7734469
Системный номер авторитетной/нормативной записи 17472
790 #1 - ИМЯ ЛИЦА - АЛЬТЕРНАТИВНАЯ ФОРМА
Код отношения Автор
Графика поля Латинская
Материалы, к которым относится поле rus
Начальный элемент ввода Bogoljubov
Часть имени, кроме начального элемента ввода N. N.
Дополнения к именам, кроме дат д-р физ.-мат. наук
Даты 1909-1992
Расширение инициалов личного имени Nikolaj Nikolaevič
Системный номер авторитетной/нормативной записи 17467
Идентификатор авторитетной/нормативной записи RU\NLR\auth\7734464
801 #0 - ИСТОЧНИК ЗАПИСИ
Страна российская федерация
Организация NLR
Дата составления 20090319
Правила каталогизации RCR
801 #1 - ИСТОЧНИК ЗАПИСИ
Страна российская федерация
Организация NLR
Дата составления 20090319
852 ## - МЕСТОНАХОЖДЕНИЕ И ШИФР ХРАНЕНИЯ
Идентификатор организации NLR
Шифр хранения (Call Number) 2005-5/10439
942 ## - ДОПОЛНИТЕЛЬНЫЕ ЭЛЕМЕНТЫ ЗАПИСИ (АБИС)
Тип экземпляра АБИС Книга

Нет доступных экземпляров.